Normal view
MARC view
- Electromagnetic devices
Entry Topical Term
001 - CONTROL NUMBER
- control field: 109198
003 - CONTROL NUMBER IDENTIFIER
- control field: NUST
005 - DATE AND TIME OF LATEST TRANSACTION
- control field: 20230217110859.0
008 - FIXED-LENGTH DATA ELEMENTS
- fixed length control field: 230217|| aca||aabn | a|a d
040 ## - CATALOGING SOURCE
- Original cataloging agency: NUST
- Transcribing agency: NUST
150 ## - HEADING--TOPICAL TERM
- Topical term or geographic name entry element: Electromagnetic devices
- General subdivision: Mathematical models
670 ## - SOURCE DATA FOUND
- Source citation: Work cat.: (NUST)188779: Ida, Nathan. 109197, Engineering electromagnetics /, c2004.
